<?xml version="1.0" encoding="UTF-8"?>
<record
    xmlns:xsi="http://www.w3.org/2001/XMLSchema-instance"
    xsi:schemaLocation="http://www.loc.gov/MARC21/slim http://www.loc.gov/standards/marcxml/schema/MARC21slim.xsd"
    xmlns="http://www.loc.gov/MARC21/slim">

  <leader>00494nam a22001817a 4500</leader>
  <controlfield tag="003">IBSLLIB</controlfield>
  <controlfield tag="005">20260509061040.0</controlfield>
  <controlfield tag="008">260509b        |||||||| |||| 00| 0 eng d</controlfield>
  <datafield tag="020" ind1=" " ind2=" ">
    <subfield code="a">9780061829871</subfield>
  </datafield>
  <datafield tag="040" ind1=" " ind2=" ">
    <subfield code="a">IBSLLIB</subfield>
    <subfield code="b">eng</subfield>
  </datafield>
  <datafield tag="041" ind1=" " ind2=" ">
    <subfield code="h">Eng</subfield>
  </datafield>
  <datafield tag="082" ind1=" " ind2=" ">
    <subfield code="a">338.4</subfield>
    <subfield code="b">HIM</subfield>
  </datafield>
  <datafield tag="100" ind1=" " ind2=" ">
    <subfield code="a">Himelstein , Linda </subfield>
  </datafield>
  <datafield tag="245" ind1=" " ind2=" ">
    <subfield code="a">The King of Vodka</subfield>
    <subfield code="b">The Story of Pyotr Smirnov and the Upheaval of an Empire</subfield>
  </datafield>
  <datafield tag="260" ind1=" " ind2=" ">
    <subfield code="a">New York : </subfield>
    <subfield code="b">HarperCollins , </subfield>
    <subfield code="c">2009</subfield>
  </datafield>
  <datafield tag="300" ind1=" " ind2=" ">
    <subfield code="a">384 p ;</subfield>
    <subfield code="b">23 cm</subfield>
  </datafield>
  <datafield tag="942" ind1=" " ind2=" ">
    <subfield code="c">LBK</subfield>
  </datafield>
  <datafield tag="999" ind1=" " ind2=" ">
    <subfield code="c">22092</subfield>
    <subfield code="d">22092</subfield>
  </datafield>
  <datafield tag="952" ind1=" " ind2=" ">
    <subfield code="0">0</subfield>
    <subfield code="1">0</subfield>
    <subfield code="4">0</subfield>
    <subfield code="7">0</subfield>
    <subfield code="8">LEN</subfield>
    <subfield code="a">IBSLLIB</subfield>
    <subfield code="b">IBSLLIB</subfield>
    <subfield code="c">LEN</subfield>
    <subfield code="d">2026-04-30</subfield>
    <subfield code="e">Donation </subfield>
    <subfield code="i">10881</subfield>
    <subfield code="l">0</subfield>
    <subfield code="o">338.4 HIM</subfield>
    <subfield code="p">10881</subfield>
    <subfield code="r">2026-05-09 06:11:44</subfield>
    <subfield code="w">2026-05-09</subfield>
    <subfield code="y">LBK</subfield>
  </datafield>
</record>
